Report of a CPA Study Group on Parliament and the International Trading System (Record no. 2200)
[ view plain ]
| 000 -LEADER | |
|---|---|
| fixed length control field | 00371nam a22001097a 4500 |
| 008 - FIXED-LENGTH DATA ELEMENTS--GENERAL INFORMATION | |
| fixed length control field | 230621b xxu||||| |||| 00| 0 eng d |
| 082 ## - DEWEY DECIMAL CLASSIFICATION NUMBER | |
| Classification number | 328.30 |
| Item number | CPA 2002 |
| 245 ## - TITLE STATEMENT | |
| Title | Report of a CPA Study Group on Parliament and the International Trading System |
| Remainder of title | Saint Lucia, February 2002 |
| 260 ## - PUBLICATION, DISTRIBUTION, ETC. (IMPRINT) | |
| Place of publication, distribution, etc. | UK |
| Name of publisher, distributor, etc. | Commonwealth Parliamentary Association |
| Date of publication, distribution, etc. | 2002 |
| 300 ## - PHYSICAL DESCRIPTION | |
| Extent | 23p |
| 942 ## - ADDED ENTRY ELEMENTS (KOHA) | |
| Source of classification or shelving scheme | Dewey Decimal Classification |
| Koha item type | Books |
| Withdrawn status | Lost status | Source of classification or shelving scheme | Damaged status | Not for loan | Home library | Current library | Date acquired | Total Checkouts | Full call number | Barcode | Date last seen | Price effective from | Koha item type |
|---|---|---|---|---|---|---|---|---|---|---|---|---|---|
| Dewey Decimal Classification | County Hall Archives | County Hall Archives | 06/21/2023 | 328.30 CPA 2002 | 10009917 | 06/21/2023 | 06/21/2023 | Books |
